Nopea desimaali binääri muunnokset - Statistics

Yleistilastot
  • Tätä visaa on pelattu 29 kertaa
  • Keskiarvotulos 10 / 20
Vastaustilastot
desimaali binääri % Oikein
16 10000
100%
32 100000
100%
17 10001
100%
34 100010
100%
37 100101
100%
19 10011
100%
39 100111
100%
20 10100
100%
41 101001
100%
21 10101
100%
11 1011
100%
45 101101
100%
47 101111
100%
6 110
100%
12 1100
100%
52 110100
100%
53 110101
100%
54 110110
100%
7 111
100%
14 1110
100%
28 11100
100%
57 111001
100%
59 111011
100%
15 1111
100%
31 11111
100%
1 1
80%
4 100
80%
8 1000
75%
5 101
75%
2 10
67%
9 1001
67%
18 10010
67%
38 100110
67%
10 1010
67%
22 10110
67%
3 11
67%
13 1101
67%
24 11000
60%
23 10111
50%
25 11001
50%
60 111100
33%
33 100001
0%
35 100011
0%
36 100100
0%
40 101000
0%
42 101010
0%
43 101011
0%
44 101100
0%
46 101110
0%
48 110000
0%
49 110001
0%
50 110010
0%
51 110011
0%
26 11010
0%
27 11011
0%
55 110111
0%
56 111000
0%
29 11101
0%
58 111010
0%
30 11110
0%
61 111101
0%
62 111110
0%
63 111111
0%
Ehtoja vastaavia visoja ei löytynyt
Tulosjakauma
Jokaisen tuloksen saaneiden osuus
Persentiili vastausten määrän mukaan
Tuloshistoriasi
Et ole pelannut tätä visaa